00492nam a2200157Ia 450000500170000000800410001708200130005810000180007124500270008926000430011630000130015950000440017294200060021695200970022299900150031920250704015141.0240331s9999 xx 000 0 und d bSEDa891 aSedaraman,J.E 0aPrashasthi kavyarasaya aNugegodabM.D.Gunasena Book & Coc1970 a352 p ., aA book of The taste of excellent poetry cL 001040708LaWERCLbWERCLcSSCd2024-03-31l0o 891.48 SEDp907r2024-03-31w2024-03-31yL c4899d4899